Análisis de las propiedades fisicoquímicas y la tolerancia al agua, de mezclas con etanol de las gasolinas utilizadas en Costa Rica
Salvato in:
| Autore principale: | |
|---|---|
| Altri autori: | |
| Natura: | Libro |
| Lingua: | Spanish |
| Pubblicazione: |
San José, Costa Rica
2019
|
| Soggetti: | |
| Tags: |
Aggiungi Tag
Nessun Tag, puoi essere il primo ad aggiungerne!!
|
MARC
| LEADER | 00000nam a22000007a 4500 | ||
|---|---|---|---|
| 003 | 013126 | ||
| 005 | 20230508102121.0 | ||
| 008 | 190917b2019 cr a|||| m||| 00| ||spa d | ||
| 040 | |c cru CEDI | ||
| 090 | |a TFG 8277 | ||
| 100 | |9 505 |a López Herrera, Irán Adonías, 1991- | ||
| 245 | |a Análisis de las propiedades fisicoquímicas y la tolerancia al agua, de mezclas con etanol de las gasolinas utilizadas en Costa Rica | ||
| 260 | |a San José, Costa Rica |c 2019 | ||
| 500 | |a Proyecto de graduación(licenciatura en ingeniería química)--Universidad de Costa Rica. Facultad de Ingeniería. Escuela de Ingeniería Química | ||
| 501 | |a Director de Proyecto de Graduación: Dr. Carlos León Rojas | ||
| 650 | |x ENERGIA BIOMASICA |x ENERGIA BIOMASICA - COSTA RICA |x PROPIEDADES FISICOQUIMICAS |x GASOLINA - COSTA RICA |x COMBUSTIBLES - CALIDAD - COSTA RICA |x ALCOHOL COMO COMBUSTIBLE | ||
| 700 | |9 507 |a León Rojas, Carlos Fernando, 1966- |d Director del TFG | ||
| 942 | |c CEDI |h TFG 8576 |6 TFG_8576_000000000000000 | ||
| 999 | |c 21791 |d 21791 | ||
